Pagos provisionales del ISR : con nuevos casos prácticos 2025 /

Contiene: 1) Concepto y justificación del pago provisional; 2) Pagos provisionales de las personas morales; 3) Régimen simplificado de confianza de personas morales (RESICO); 4) Pagos provisionales de actividades agrícolas, ganaderas, silvícolas y pesqueras para personas morales; 5) Pagos provisione...

Fuld beskrivelse

Guardado en:
Bibliografiske detaljer
Hovedforfatter: Domínguez Orozco, Jaime (autor)
Format: Bog
Sprog:spansk
Udgivet: México : ISEF, 2024, c2024
Udgivelse:48a edición
Fag:
Tags: Tilføj Tag
Ingen Tags, Vær først til at tagge denne postø!

MARC

LEADER 00000nam^a2200000^a^4500
001 000618223
005 20250811000000.0
009 20260310133755.522
020 |a 978-607-541-599-4 
037 |a Acervo ITESO - Biblioteca 
041 |a ESP 
082 |a 657. 46  |b DOM 
100 |a Domínguez Orozco, Jaime  |e (autor) 
245 1 0 |a Pagos provisionales del ISR :  |b con nuevos casos prácticos 2025 /  |c J. Domínguez Orozco. 
250 |a 48a edición 
264 4 |a México :  |b ISEF,  |c 2024, c2024 
300 |a 330 p. 
336 |a texto  |b txt  |2 rdacontenido 
337 |a sin mediación  |b n  |2 rdamedio 
338 |a volumen  |b nc  |2 rdasoporte 
520 |a Contiene: 1) Concepto y justificación del pago provisional; 2) Pagos provisionales de las personas morales; 3) Régimen simplificado de confianza de personas morales (RESICO); 4) Pagos provisionales de actividades agrícolas, ganaderas, silvícolas y pesqueras para personas morales; 5) Pagos provisiones de autotransporte de carga o de pasajeros; 6) Pagos provisionales de las personas físicas con actividades empresariales y profesionales de los ingresos por la enajenación de bienes o prestación de servicios a través de internet, mediante plataformas tecnológicas y régimen simplificado de confianza; 7) Pagos provisionales para contribuyentes a los que aplica el decreto de estímulos fiscales región fronteriza norte (D.O.F. 31 de diciembre de 2018 y del 30 de diciembre de 2020) y del decreto de estímulos fiscales región fronteriza sur (D.O.F. 30 diciembre 2020); 8) Pagos provisionales de personas físicas con ingresos por arrendamiento y en general por otorgar el uso o goce temporal de bienes inmuebles y otros ingresos; 9) Declaración de pagos provisionales de ISR vía Internet; 10) Casos prácticos de pagos provisionales de ISR. 
521 |a EEnlace Departamento de Economía, Administración y Mercadología 2025 
649 |a XX 
650 |a Personas Físicas -  |z México -  |x Condiciones Jurídicas 
650 |a Personas Jurídicas -  |z México -  |x Condiciones Jurídicas 
650 |a Contribuyentes -  |z México -  |x Condiciones Jurídicas 
650 |a Impuestos sobre la Renta -  |z México -  |x Tema Principal 
650 |a Impuestos -  |z México 
650 |a Deducciones Fiscales -  |z México 
650 |a Derecho Fiscal -  |z México 
650 |a Derecho Financiero -  |z México 
650 |a Derecho Público -  |z México 
650 |a Declaración Fiscal -  |z México -  |x Tema Principal 
650 |a Contabilidad Fiscal -  |z México 
650 |a Ciencias Administrativas 
910 |a Fondo General 
920 |a Impresos - Libros 
930 |a Colección General 
905 |a 101 
901 |a 618223-10  |b IT1  |c ACC  |i C190435  |u 20250811 
902 |a https://opac.biblio.iteso.mx/vufind/Record/000618223